Juicio cristiano sobre el marxismo

Gespeichert in:
Bibliographische Detailangaben
1. Verfasser: Streithofen, H. B (VerfasserIn)
Format: Buch
Sprache:Spanisch
Veröffentlicht: Madrid BAC 1978
Schriftenreihe:Cuadernos BAC, 10
Schlagworte:
Tags: Tag hinzufügen
Keine Tags, Fügen Sie den ersten Tag hinzu!

MARC

LEADER 00000nam a2200000 a 4500
001 UCZ8015
003 CL-VaPUC
008 960112e19780000SP |||||||||||||||||spa|d
082 0 4 |a 335.4  |b STR  |2 21 
100 0 |a Streithofen, H. B  |e author  |9 353098 
245 1 0 |a Juicio cristiano sobre el marxismo 
300 |a 30 p 
942 |c BK 
945 |d 19960112 00:00:00  |a cmena 
260 |a Madrid  |b BAC  |c 1978 
650 0 |a Comunismo  |9 255588 
650 7 |a IDEOLOGIAS5DOCTRINAS POLITICAS  |2 CL-VaPUC  |9 353099 
650 0 |a Religión   |9 255164 
650 0 |a Cristianismo  |9 257361 
583 |a last modification  |c 19960112 00:00:00  |k Rodrigo Vera 
490 0 |a Cuadernos BAC, 10 
999 |c 243983  |d 243981 
952 |0 0  |1 0  |4 0  |6 335_400000000000000_STR_1978  |7 0  |8 P  |9 257882  |a BIBEDU  |b BIBEDU  |c BIBEDU_PB  |d 2019-11-19  |i 1615882  |o 335.4 STR 1978  |p 1615882  |r 2024-01-25  |w 2019-11-19  |y BK  |k EDU 
952 |0 0  |1 0  |4 0  |6 335_400000000000000_STR_1978  |7 0  |8 P  |9 257883  |a BIBEDU  |b BIBEDU  |c BIBEDU_PB  |d 2019-11-19  |i 1615890  |o 335.4 STR 1978  |p 1615890  |r 2024-01-25  |w 2019-11-19  |y BK  |k EDU